Cyprus : Financial Sector Assessment Program Update; Technical Note; Measuring Banking Stability in Cyprus.

Various indicators place Cyprus's banking system soundness ahead of emerging countries but behind advanced economies. This report discusses financial sector stability in Cyprus, using a combination of accounting-based and market-based indicators, and stress tests. Cypriot commercial banks are w...

Ausführliche Beschreibung

Bibliographische Detailangaben
Körperschaft: International Monetary Fund
Format: Zeitschrift
Sprache:English
Veröffentlicht: Washington, D.C. : International Monetary Fund, 2009.
Schriftenreihe:IMF Staff Country Reports; Country Report ; No. 2009/171
Online Zugang:Full text available on IMF
LEADER 01673cas a2200241 a 4500
001 AALejournalIMF005839
008 230101c9999 xx r poo 0 0eng d
020 |c 5.00 USD 
020 |z 9781451809961 
022 |a 1934-7685 
040 |a BD-DhAAL  |c BD-DhAAL 
110 2 |a International Monetary Fund. 
245 1 0 |a Cyprus :   |b Financial Sector Assessment Program Update; Technical Note; Measuring Banking Stability in Cyprus. 
264 1 |a Washington, D.C. :  |b International Monetary Fund,  |c 2009. 
300 |a 1 online resource (67 pages) 
490 1 |a IMF Staff Country Reports 
500 |a <strong>Off-Campus Access:</strong> No User ID or Password Required 
500 |a <strong>On-Campus Access:</strong> No User ID or Password Required 
506 |a Electronic access restricted to authorized BRAC University faculty, staff and students 
520 3 |a Various indicators place Cyprus's banking system soundness ahead of emerging countries but behind advanced economies. This report discusses financial sector stability in Cyprus, using a combination of accounting-based and market-based indicators, and stress tests. Cypriot commercial banks are weaker than their counterparts in Greece and also less stable than cooperative banks in Cyprus. Credit risk appears as the main source of risk in the banking sector, with demand for real estate slowing, declining property price growth as well as Cyprus's high household indebtedness. 
538 |a Mode of access: Internet 
830 0 |a IMF Staff Country Reports; Country Report ;  |v No. 2009/171 
856 4 0 |z Full text available on IMF  |u http://elibrary.imf.org/view/journals/002/2009/171/002.2009.issue-171-en.xml  |z IMF e-Library